NFB launches partnering scheme (Record no. 73599)

MARC details
000 -LEADER
fixed length control field 01287cam a2200229 4500
001 - CONTROL NUMBER
control field WB3939-04
008 - FIXED-LENGTH DATA ELEMENTS--GENERAL INFORMATION
fixed length control field 031016n2003 000 0 eng u
035 ## - SYSTEM CONTROL NUMBER
System control number (Sirsi) u123934
245 ## - TITLE STATEMENT
Title NFB launches partnering scheme
260 ## - PUBLICATION, DISTRIBUTION, ETC.
Date of publication, distribution, etc. 2003
490 ## - SERIES STATEMENT
Series statement National Federation of Builders Press Release
Volume/sequential designation 13 October 2003 (3)
520 ## - SUMMARY, ETC.
Summary, etc. The National Federation of Builders (NFB)has launched a new accreditation scheme to help client groups and prime contractors to identify companies for partnering programmes. The Construction Accredited Partner Scheme (CAPS) will provide a register of independently accredited contractors with proven supply chain management and benchmarking expertise. It is hoped that the scheme will enable contractors to participate successfully in the new procurement routes being rolled out by Government. The DfES is due to announce an overhaul of the local authority construction programme. http://www.builders.org.uk/cgi-bin/nfb/newslist.pl?RUN=nfb.main.shownews&keyf=146
590 ## - LOCAL NOTE (RLIN)
Local note WB
650 ## - SUBJECT ADDED ENTRY--TOPICAL TERM
Topical term or geographic name entry element ACCREDITATION SCHEMES
650 ## - SUBJECT ADDED ENTRY--TOPICAL TERM
Topical term or geographic name entry element BUILDING CONTRACTORS
650 ## - SUBJECT ADDED ENTRY--TOPICAL TERM
Topical term or geographic name entry element PROCUREMENT RULES
650 ## - SUBJECT ADDED ENTRY--TOPICAL TERM
Topical term or geographic name entry element SUPPLY CHAIN MANAGEMENT
650 ## - SUBJECT ADDED ENTRY--TOPICAL TERM
Topical term or geographic name entry element LOCAL AUTHORITIES
650 ## - SUBJECT ADDED ENTRY--TOPICAL TERM
Topical term or geographic name entry element CONSTRUCTION PROGRAMMES
690 ## - LOCAL SUBJECT ADDED ENTRY--TOPICAL TERM (OCLC, RLIN)
Topical term or geographic name as entry element Procurement
9 (RLIN) 6260
942 ## - ADDED ENTRY ELEMENTS (KOHA)
Suppress in OPAC 0
Holdings
Withdrawn status Lost status Source of classification or shelving scheme Damaged status Not for loan Home library Current library Shelving location Date acquired Total Checkouts Full call number Barcode Date last seen Copy number Price effective from Koha item type
    Dewey Decimal Classification     London London News article 16/10/2003   WB3939-04 123934-1001 06/08/2019 1 06/08/2019 News article